000 00926cam a22001934a 4500
005 20250605164341.0
008 250528s ||||||||||||||||||||||||d
035 _a23632
040 _aGR-AtMCL
_bgre
_dGR-AtMCL
_eAACR2
245 1 _aΗ Φιλοσοφία των Πράσινών Logistics
260 _c2012
300 _a38
520 _aΕισαγωγή, Τα Πράσινα Logistics και η Παγκοσμοιοποίηση, Φιλοσοφία και Περιεχόμενο των Green Logistics, Πράσινη Μεταφορά και Διακίνηση, Πράσινη Αποθήκη, Πόσο Πράσινα είναι τα Logistics, ase Study Barilla Hellas, Συμπεράσματα - Προτάσεις, Βιβλιογραφία.
700 1 _aΑρχοντής Παναγιώτης
_99224
700 1 _aΠρόντζας Παναγιώτης
_99225
942 _cDS
999 _c8629
_d8629